<?xml version="1.0" encoding="UTF-8"?>
<record
    xmlns:xsi="http://www.w3.org/2001/XMLSchema-instance"
    xsi:schemaLocation="http://www.loc.gov/MARC21/slim http://www.loc.gov/standards/marcxml/schema/MARC21slim.xsd"
    xmlns="http://www.loc.gov/MARC21/slim">

  <leader>02825nam a22003614a 4500</leader>
  <controlfield tag="001">ebr10152579</controlfield>
  <controlfield tag="003">CaPaEBR</controlfield>
  <controlfield tag="006">m        u        </controlfield>
  <controlfield tag="007">cr cn|||||||||</controlfield>
  <controlfield tag="008">060208s2006    caub    sb    000 0aeng  </controlfield>
  <datafield tag="010" ind1=" " ind2=" ">
    <subfield code="z">  2006004404</subfield>
  </datafield>
  <datafield tag="020" ind1=" " ind2=" ">
    <subfield code="z">0833039202 (pbk. : alk. paper)</subfield>
  </datafield>
  <datafield tag="040" ind1=" " ind2=" ">
    <subfield code="a">CaPaEBR</subfield>
    <subfield code="c">CaPaEBR</subfield>
  </datafield>
  <datafield tag="035" ind1=" " ind2=" ">
    <subfield code="a">(OCoLC)560213326</subfield>
  </datafield>
  <datafield tag="043" ind1=" " ind2=" ">
    <subfield code="a">f-ae---</subfield>
    <subfield code="a">e-fr---</subfield>
  </datafield>
  <datafield tag="050" ind1="1" ind2="4">
    <subfield code="a">DT295.3.G378</subfield>
    <subfield code="b">A3 2006eb</subfield>
  </datafield>
  <datafield tag="082" ind1="0" ind2="4">
    <subfield code="a">965/.04642092</subfield>
    <subfield code="a">B</subfield>
    <subfield code="2">22</subfield>
  </datafield>
  <datafield tag="100" ind1="1" ind2=" ">
    <subfield code="a">Galula, David,</subfield>
    <subfield code="d">1919-1967.</subfield>
  </datafield>
  <datafield tag="245" ind1="1" ind2="0">
    <subfield code="a">Pacification in Algeria, 1956-1958</subfield>
    <subfield code="h">[electronic resource] /</subfield>
    <subfield code="c">David Galula ; foreword by Bruce Hoffman.</subfield>
  </datafield>
  <datafield tag="260" ind1=" " ind2=" ">
    <subfield code="a">Santa Monica, CA :</subfield>
    <subfield code="b">RAND Corporation,</subfield>
    <subfield code="c">2006.</subfield>
  </datafield>
  <datafield tag="300" ind1=" " ind2=" ">
    <subfield code="a">xl, 460 p. :</subfield>
    <subfield code="b">map.</subfield>
  </datafield>
  <datafield tag="500" ind1=" " ind2=" ">
    <subfield code="a">"MG-478."</subfield>
  </datafield>
  <datafield tag="500" ind1=" " ind2=" ">
    <subfield code="a">" A new edition of a Rand classic"--Cover.</subfield>
  </datafield>
  <datafield tag="504" ind1=" " ind2=" ">
    <subfield code="a">Includes bibliographical references.</subfield>
  </datafield>
  <datafield tag="505" ind1="0" ind2=" ">
    <subfield code="a">pt. 1. The stage: i. The background -- ii. Insurgency and counterensurgency in Algeria -- iii. The situation in Kabylia -- iv. The sector of Tigzdrt -- v. The quartier of Aissa Maimoun -- vi. The Third Company and its sous-quartier -- pt. 2. The struggle for control of the population: i. The strategic problem -- ii. No doctrine for the counterinsurgent -- iii. My own theory -- iv. The indoctrination of my company -- v. An operation at sector level -- vi. Occasional contacts with the population -- vii. Moving the company closer to the population -- viii. A platoon detached to Igonane Ameur -- ix. Company routine -- x. Accidental purge of Bou Souar -- xi. Expansion of my sous-quartier, purge of the other villages -- pt. 3. Struggle for the support of the population: i. The situation in Awera in the winter of 1957 -- ii. The municipal reform -- iii. Cleaning Tiziouzou -- iv. Testing the new leaders -- v. Mobilising the population -- vi. Limits to local efforts -- vii. Prisoners and suspects -- viii. Further expansion of the sous-quartier -- ix. An operation in the Mizrana Forest -- x. The manpower crisis in the French army -- xi. Attempts at organizing a party -- pt. 4. War in the Bordj Menaiel Sector: i. The spring of 1958 -- ii. The revolution of May 13 and its aftermath -- pt. 5. Conclusions: i. Major factors in the Algerian War -- ii. Basic principles of counterinsurgent warfare.</subfield>
  </datafield>
  <datafield tag="533" ind1=" " ind2=" ">
    <subfield code="a">Electronic reproduction.</subfield>
    <subfield code="b">Palo Alto, Calif. :</subfield>
    <subfield code="c">ebrary,</subfield>
    <subfield code="d">2013.</subfield>
    <subfield code="n">Available via World Wide Web.</subfield>
    <subfield code="n">Access may be limited to ebrary affiliated libraries.</subfield>
  </datafield>
  <datafield tag="600" ind1="1" ind2="0">
    <subfield code="a">Galula, David,</subfield>
    <subfield code="d">1919-1967.</subfield>
  </datafield>
  <datafield tag="650" ind1=" " ind2="0">
    <subfield code="a">Counterinsurgency</subfield>
    <subfield code="z">Algeria.</subfield>
  </datafield>
  <datafield tag="651" ind1=" " ind2="0">
    <subfield code="a">Algeria</subfield>
    <subfield code="x">History</subfield>
    <subfield code="y">Revolution, 1954-1962</subfield>
    <subfield code="v">Personal narratives, French.</subfield>
  </datafield>
  <datafield tag="655" ind1=" " ind2="7">
    <subfield code="a">Electronic books.</subfield>
    <subfield code="2">local</subfield>
  </datafield>
  <datafield tag="710" ind1="2" ind2=" ">
    <subfield code="a">ebrary, Inc.</subfield>
  </datafield>
  <datafield tag="856" ind1="4" ind2="0">
    <subfield code="u">http://site.ebrary.com/lib/rucke/Doc?id=10152579</subfield>
    <subfield code="z">An electronic book accessible through the World Wide Web; click to view</subfield>
  </datafield>
  <datafield tag="999" ind1=" " ind2=" ">
    <subfield code="c">192417</subfield>
    <subfield code="d">192417</subfield>
  </datafield>
</record>
